000 01530nam a22003377a 4500
003 OSt
005 20241106103648.0
008 241106b |||||||| |||| 00| 0 eng d
040 _aLB-BrCRDP
086 _a370.7 M345d
100 _aمراد، مفيد
110 _aالمركز التربوي للبحوث والانماء مكتب الاعداد والتدريب: دائرة التدريب
245 _aالدروس التأهيلية لدورة مديري المدارس الرسمية الابتدائية:
_bنُظمت هذه الدورة بموجب القرار 256/75 تاريخ 10 تموز 1975
260 _aبيروت
_bالمركز التربوي للبحوث والانماء
_c1975
300 _bص. 190
_cسم. 30
650 _aالتربية والتعليم - لينان
650 _aالتربية والتعليم - لبنان - دورات تدريبية - مدراء - المدارس الرسمية الابتدائية
650 _aالتربية والتعليم - المدارس الرسمية الابتدائية - دورات تدريبية
700 _aانطون، جوزف
700 _aنجم، انطوان
700 _aسليم، فؤاد
700 _aالزعتري، مصطفى
700 _aعبد الصمد، خالد
700 _aحجار، حبيب
700 _aمكي، محمد كاظم
700 _aنجا، احمد
700 _aعون، ناديا
700 _aسنو، نازلي
700 _aمحفوظ، حبيب
942 _2ddc
_cBK
999 _c24072
_d24072